[Event "NOR-ch Class2"]
[Site "Lillehammer"]
[Date "2013.06.29"]
[Round "7"]
[White "Harberg, Sven E"]
[Black "Vaseng, Oyvind Hoem"]
[Result "1/2-1/2"]
[WhiteElo "1589"]
[BlackElo "1573"]
[PlyCount "86"]
[EventDate "2013.06.29"]
[EventType "swiss"]
[EventRounds "9"]
[EventCountry "NOR"]
[SourceTitle "EXT 2017"]
[Source "ChessBase"]
[SourceDate "2016.10.25"]
[SourceVersion "1"]
[SourceVersionDate "2016.10.25"]
[SourceQuality "1"]

1. d4 d5 2. c4 e6 3. Nc3 Nf6 4. Nf3 c5 5. cxd5 Nxd5 6. e4 cxd4 7. Qxd4 Nc6 8. Bb5 Nxc3 9. Qxd8+ Kxd8 10. bxc3 Bd6 11. Be3 f6 12. 0-0 Kc7 13. a4 g5 14. a5 Bd7 15. Be2 h5 16. Rfb1 h4 17. Nd4 Nxd4 18. cxd4 Bf4 19. Ra3 Bxe3 20. Rc3+ Bc6 21. fxe3 Kd6 22. Bd3 Rac8 23. Rb2 Rc7 24. Rf2 Rf8 25. e5+ Ke7 26. exf6+ Rxf6 27. Rxf6 Kxf6 28. e4 Rd7 29. Rc4 Bb5 30. Rc3 Bxd3 31. Rxd3 Rc7 32. Kf2 Rc2+ 33. Kf3 Ra2 34. d5 exd5 35. Rxd5 Ra3+ 36. Kg4 Ra2 37. Kf3 Ra3+ 38. Kg4 Ra4 39. Kf3 Ra2 40. Rb5 a6 41. Rd5 Rb2 42. Rf5+ Kg6 43. Rd5 Kf6 1/2-1/2

[Event "NOR-ch Class2"]
[Site "Lillehammer"]
[Date "2013.06.29"]
[Round "4"]
[White "Vaseng, Oyvind Hoem"]
[Black "Aagedal, Geir Ole"]
[Result "1-0"]
[WhiteElo "1573"]
[BlackElo "1559"]
[PlyCount "89"]
[EventDate "2013.06.29"]
[EventType "swiss"]
[EventRounds "9"]
[EventCountry "NOR"]
[SourceTitle "EXT 2017"]
[Source "ChessBase"]
[SourceDate "2016.10.25"]
[SourceVersion "1"]
[SourceVersionDate "2016.10.25"]
[SourceQuality "1"]

1. Nf3 g6 2. g3 Bg7 3. Bg2 Nf6 4. 0-0 0-0 5. c4 c5 6. d4 cxd4 7. Nxd4 Nc6 8. Nb3 b6 9. Nc3 Bb7 10. Bg5 Na5 11. Nxa5 Bxg2 12. Kxg2 bxa5 13. e4 Qb6 14. Qe2 h6 15. Be3 Qb7 16. f3 d6 17. Rac1 Rfc8 18. b3 Nd7 19. Nd5 Nb6 20. Qd2 Nxd5 21. exd5 a4 22. Rb1 axb3 23. axb3 Kh7 24. Qa5 Bf6 25. Rfc1 Bg5 26. Bxg5 hxg5 27. b4 Qb6 28. Qa3 Qd4 29. Qc3 Qxc3 30. Rxc3 Rab8 31. Re3 Rb7 32. Rbe1 Rcc7 33. c5 dxc5 34. bxc5 Rxc5 35. Rxe7 Rb2+ 36. Kh3 Kg7 37. Rxa7 Rxd5 38. Ree7 Rf5 39. Re3 g4+ 40. fxg4 Rff2 41. g5 Rxh2+ 42. Kg4 Rhf2 43. Re8 Rb4+ 44. Kh3 Rb3 45. Raa8 1-0

[Event "NOR-ch Class2"]
[Site "Lillehammer"]
[Date "2013.06.29"]
[Round "2"]
[White "Vaseng, Oyvind Hoem"]
[Black "Stubrud, Jan Magne"]
[Result "1-0"]
[WhiteElo "1573"]
[BlackElo "1554"]
[PlyCount "95"]
[EventDate "2013.06.29"]
[EventType "swiss"]
[EventRounds "9"]
[EventCountry "NOR"]
[SourceTitle "EXT 2017"]
[Source "ChessBase"]
[SourceDate "2016.10.25"]
[SourceVersion "1"]
[SourceVersionDate "2016.10.25"]
[SourceQuality "1"]

1. Nf3 d5 2. g3 c5 3. Bg2 Nc6 4. d4 Nf6 5. 0-0 cxd4 6. Nxd4 e5 7. Nb3 Be7 8. N1d2 Bf5 9. c4 Nb4 10. e4 dxe4 11. Qe2 Qd3 12. Qxd3 Nxd3 13. c5 Rc8 14. Nc4 0-0 15. Be3 Rfd8 16. Nc1 Be6 17. Nd2 Nxc5 18. Bxc5 Bxc5 19. Nxe4 Nxe4 20. Bxe4 Bh3 21. Bg2 Bxg2 22. Kxg2 Rd2 23. Rb1 Bd4 24. Nb3 Rxb2 25. Nxd4 Rxb1 26. Rxb1 exd4 27. Rxb7 Rd8 28. Kf1 g6 29. Rxa7 Kg7 30. Ke2 Kf6 31. Kd3 g5 32. a4 h5 33. Rb7 g4 34. Rb4 Ke5 35. a5 f5 36. a6 Ra8 37. Ra4 Ra7 38. Ra5+ Ke6 39. Kxd4 Rd7+ 40. Ke3 Ra7 41. Kf4 Ra8 42. a7 Kd6 43. Kxf5 Kc6 44. Kg5 Kb6 45. Ra2 Kb7 46. Kxh5 Rh8+ 47. Kxg4 Ka8 48. h4 1-0

[Event "NOR-ch Class2"]
[Site "Lillehammer"]
[Date "2013.06.29"]
[Round "8"]
[White "Vaseng, Oyvind Hoem"]
[Black "Wolf, Ronald"]
[Result "1-0"]
[WhiteElo "1573"]
[BlackElo "1546"]
[PlyCount "45"]
[EventDate "2013.06.29"]
[EventType "swiss"]
[EventRounds "9"]
[EventCountry "NOR"]
[SourceTitle "EXT 2017"]
[Source "ChessBase"]
[SourceDate "2016.10.25"]
[SourceVersion "1"]
[SourceVersionDate "2016.10.25"]
[SourceQuality "1"]

1. Nf3 d5 2. d4 Nf6 3. c4 c6 4. Nc3 e6 5. Bf4 Bb4 6. Qb3 Bxc3+ 7. bxc3 Ne4 8. Nd2 Nxd2 9. Bxd2 0-0 10. Bf4 dxc4 11. Qxc4 Qd5 12. Qd3 Rd8 13. e4 Qa5 14. Be2 Na6 15. Qg3 Kh8 16. 0-0 b5 17. Rfd1 Bb7 18. e5 c5 19. Bd3 f5 20. exf6 gxf6 21. Qh4 f5 22. Qf6+ Kg8 23. Qxe6+ 1-0